66 câu hỏi đáp cho nông dân nuôi vịt CV-Super (Siêu thịt)

Giải đáp những vướng mắc trong chăn nuôi và một số vấn đề quản lý chăn nuôi vịt đẻ, những băn khoăn thắc mắc về bệnh của vịt siêu thịt và làm sao kết hợp nuôi vịt với cá có hiệu quả.

Sparad:
Bibliografiska uppgifter
Huvudupphovsman: Nguyễn, Văn Bắc
Materialtyp: Bok
Språk:Undetermined
Publicerad: Hà Nội Nông nghiệp 2001
Ämnen:
Taggar: Lägg till en tagg
Inga taggar, Lägg till första taggen!
Thư viện lưu trữ: Trung tâm Học liệu Trường Đại học Cần Thơ
LEADER 00916nam a2200217Ia 4500
001 CTU_63224
008 210402s9999 xx 000 0 und d
020 |b 7000 
082 |a 636.597 
082 |b B113 
100 |a Nguyễn, Văn Bắc 
245 0 |a 66 câu hỏi đáp cho nông dân nuôi vịt CV-Super (Siêu thịt) 
245 0 |c Nguyễn Văn Bắc 
260 |a Hà Nội 
260 |b Nông nghiệp 
260 |c 2001 
520 |a Giải đáp những vướng mắc trong chăn nuôi và một số vấn đề quản lý chăn nuôi vịt đẻ, những băn khoăn thắc mắc về bệnh của vịt siêu thịt và làm sao kết hợp nuôi vịt với cá có hiệu quả. 
650 |a Ducks,Poultry,Nuôi vịt 
650 |x Breeding 
904 |i Năm 
980 |a Trung tâm Học liệu Trường Đại học Cần Thơ